书目信息 |
| 题名: |
MapInfo地理信息系统二次开发实例
|
|
| 作者: | 李胜乐 , 陆远忠 , 车时 编著 | |
| 分册: | ||
| 出版信息: | 北京 电子工业出版社 2004.1 |
|
| 页数: | 412页 | |
| 开本: | 26cm | |
| 丛书名: | ||
| 单 册: | ||
| 中图分类: | P208 | |
| 科图分类: | ||
| 主题词: | 地理信息系统--应用软件, MapInfo--程序设计 , 程序设计院 | |
| 电子资源: | ||
| ISBN: | 7-5053-9391-X | |
| 000 | 00859nam0 2200277 45 | |
| 001 | 012004000000 | |
| 005 | 20050106143749.86 | |
| 010 | @a7-5053-9391-X@dCNY 39.00 | |
| 100 | @a20041220d2004 em y0chiy0121 ea | |
| 101 | 0 | @achi |
| 102 | @aCN@b110000 | |
| 105 | @aa z 000yy | |
| 200 | 1 | @aMapInfo地理信息系统二次开发实例@AMapInfo di li xin xi xi tong er ci kai fa shi li@f李胜乐, 陆远忠, 车时编著 |
| 210 | @a北京@c电子工业出版社@d2004.1 | |
| 215 | @a412页@c图@d26cm@e附光盘1片 | |
| 307 | @a附光盘: ISBN 7-89496-312-7 | |
| 320 | @a附参考文献 | |
| 606 | 0 | @a地理信息系统@x应用软件, MapInfo@x程序设计 |
| 606 | 0 | @a程序设计院 |
| 610 | 0 | @aMapInfo |
| 690 | @aP208@v4 | |
| 701 | 0 | @a李胜乐@Ali sheng le@4编著 |
| 701 | 0 | @a陆远忠@Alu yuan zhong@4编著 |
| 701 | 0 | @a车时@Ache shi@4编著 |
| 801 | 0 | @aCN@bQSSKw@c20050106 |
| 905 | @a10447@dP208@eL250 | |
| MapInfo地理信息系统二次开发实例/李胜乐, 陆远忠, 车时编著.-北京:电子工业出版社,2004.1 |
| 412页:图;26cm+附光盘1片 |
| ISBN 7-5053-9391-X:CNY 39.00 |
| ● |
| 相关链接 |
|
|
|
正题名:MapInfo地理信息系统二次开发实例
索取号:P208/L250
 
预约/预借
| 序号 | 登录号 | 条形码 | 馆藏地/架位号 | 状态 | 备注 |
| 1 | 434989 | 204349892 | 自科库401/401自科库 115排2列2层/ [索取号:P208/L250] | 在馆 | |
| 2 | 434990 | 204349909 | 自科库401/401自科库 115排2列2层/ [索取号:P208/L250] | 在馆 | |
| 3 | 434991 | 204349918 | 自科库401/401自科库 115排2列2层/ [索取号:P208/L250] | 在馆 |